00432nam a2200157Ia 4500008004100000100001900041245004000060245001800100260002500118260000900143300003200152440004900184650001100233650001300244650001700257190423s9999 xx 000 0 und d aShipp, Cameron 4aThe Curious custom of going steady/ cCameron Shipp bReader's Digest Asia c2019 aPages 110-114, January 2019 aAsia Reader's Digest: Classic Readsv115:671 aDating aMarriage aRelationship